L' idéologie ou l'origine des idées reçues / (Registro nro. 35648)

Detalles MARC
000 -LEADER
campo de control de longitud fija 00587nam a2200217 i 4500
001 - NÚMERO DE CONTROL
campo de control 35648
003 - IDENTIFICADOR DE NÚMERO DE CONTROL
campo de control ES-MaACL
005 - FECHA Y HORA DE LA ÚLTIMA TRANSACCIÓN
campo de control 20230906155157.0
007 - CAMPO FIJO DE DESCRIPCIÓN FÍSICA--INFORMACIÓN GENERAL
campo de control de longitud fija t|
008 - DATOS DE LONGITUD FIJA--INFORMACIÓN GENERAL
campo de control de longitud fija 030213s1986 fr ||||1| fre d
020 ## - NÚMERO INTERNACIONAL ESTÁNDAR DEL LIBRO
Número Internacional Estándar del Libro 2-213-01816-2
100 1# - ENTRADA PRINCIPAL--NOMBRE DE PERSONA
Nombre de persona Boudon, Raymond.
9 (RLIN) 30858
245 13 - MENCIÓN DEL TÍTULO
Título L' idéologie ou l'origine des idées reçues /
Mención de responsabilidad, etc. Raymond Boudon.
260 ## - PUBLICACIÓN, DISTRIBUCIÓN, ETC.
Lugar de publicación, distribución, etc. [S.l.] :
Nombre del editor, distribuidor, etc. Fayard,
Fecha de publicación, distribución, etc. [1986]
300 ## - DESCRIPCIÓN FÍSICA
Extensión 330 p. ;
Dimensiones 24 cm.
490 1# - MENCIÓN DE SERIE
Mención de serie Idees-forces
500 ## - NOTA GENERAL
Nota general Indice.
830 0# - PUNTO DE ACCESO ADICIONAL DE SERIE-TÍTULO UNIFORME
Título uniforme Idees-forces
9 (RLIN) 181589
852 ## - LOCALIZACIÓN
Ubicación ES-MaACL
Número de control de estantería L-11597
Sublocalización o colección R.113334
Existencias
Estatus retirado Estado de pérdida Estado de daño No para préstamo Biblioteca de origen Biblioteca actual Ubicación en estantería Fecha de adquisición Fuente de adquisición Total de préstamos Signatura topográfica completa Código de barras Visto por última vez Precio de reemplazo Tipo de ítem Koha
        Biblioteca del Ateneo de Madrid Biblioteca del Ateneo de Madrid Depósito 2 17/01/2008     L-11597 1037330 23/02/2023 23/02/2023 Libro impreso